000 00312nam a22001217a 4500
020 _a9781420073393
082 _a624.1771
_bRAM/PR
100 _aRam S. Gupta
_91015
245 _aPrinciples of Structural Design: Wood, Steel, and Concrete
260 _aBoca Raton
_bCRC Press
_c2011
300 _a472
942 _cBK
999 _c14589
_d14589